000 00354nam a22001337a 4500
027 _qHB.
040 _cFIZZA ISHAQ
082 _a355.027
_bJOH
100 _aSTOESSINGER,G.JOHN.
_9132722
245 _aWHY NATIONS GO TO WAR /
_cJOHN G.STOESSINGER.
260 _aRAWALPINDI;
_bSERVICE BOOK CLUB,
_c2003.
300 _a226 P. ;
_c8.7X5.7IN
942 _2ddc
_cBK
999 _c615777
_d615777